| 000 | 00669nam a2200193 a 4500 | ||
|---|---|---|---|
| 999 |
_c3676 _d3676 |
||
| 001 | 3676 | ||
| 003 | CDMR | ||
| 005 | 20220215181740.0 | ||
| 008 | 130130s2009||||||||||||||||||||||||||||d | ||
| 040 |
_aCDMR _bcat _cCDMR |
||
| 245 | 0 | 3 |
_aUn país de revistes _b: història dels magazins en català _c[Carme Ferré Pavia (coordinació)] |
| 260 |
_aBarcelona: _bAPPEC, _c2009 |
||
| 300 |
_a169 pàgines _b: il. col. _c; 26 x 27 cm |
||
| 650 | 0 | 4 |
_94401 _aRevistes catalanes _xHistòria _yS. XX |
| 650 | 0 | 4 |
_91524 _aPremsa _zCatalunya _xHistòria _yS. XX |
| 700 | 1 |
_91263 _aFerré Pavia, Carme |
|
| 710 | 2 |
_91342 _aAssociació de Publicacions Periòdiques en Català |
|
| 942 |
_cMON _2udc |
||